000 00331nam a2200133Ia 4500
008 220217s9999||||xx |||||||||||||| ||und||
020 _a81-7167-676-6
082 _a823 TAG
100 _aTagore, Rabhindranath
245 0 _aGitanjali
260 _aRoopa company
_bNew Delhi
_c2002
300 _b50
650 _aGENERAL BOOKS
999 _c172435
_d172435